[Event "AUT-ch U10"]
[Site "Woerth"]
[Date "2015.06.05"]
[Round "2.10"]
[White "Reitinger, Florian"]
[Black "Schaffner, Louie Raulito"]
[Result "0-1"]
[WhiteElo "819"]
[BlackElo "1147"]
[PlyCount "66"]
[EventDate "2015.06.05"]
[EventType "swiss"]
[EventRounds "7"]
[EventCountry "AUT"]
[SourceTitle "EXT 2024"]
[Source "ChessBase"]
[SourceDate "2023.10.10"]
[SourceVersion "1"]
[SourceVersionDate "2023.10.10"]
[SourceQuality "1"]

1. e4 e5 2. Nf3 Nc6 3. Bb5 Nf6 4. Nc3 Bc5 5. d3 h6 6. Bxc6 bxc6 7. Nxe5 0-0 8. 0-0 Re8 9. Nc4 d5 10. exd5 cxd5 11. Na5 Bg4 12. Ne2 Bxe2 13. Qe1 Bxf1 14. Qxf1 Qd6 15. Nb7 Qb6 16. Nxc5 Qxc5 17. Bf4 c6 18. Bd2 Qxc2 19. Bc3 Qa4 20. b3 Qg4 21. h3 Qd7 22. Re1 Rxe1 23. Qxe1 Re8 24. Be5 Re6 25. d4 Qe7 26. a4 c5 27. f4 cxd4 28. Qa5 Nd7 29. Bc7 Re1+ 30. Kh2 Nf6 31. Bd8 Qe4 32. b4 Qxf4+ 33. g3 Qf2# 0-1